Mutation chromosomiques/locales - Statistiques

Statistiques générales
  • Ce quiz a été pris 9 fois
  • Le résultat moyen est 9 sur 32
Statistiques - réponses
Hint Réponse % Correct
une section du chromosome est supprimée délétion
100%
une partie d’un chromosome est dupliquée duplication
100%
une section d’un chromosome est inversée inversion
100%
Mutation chromosomiques (OK) OK
100%
Mutations “locales” (OK) OK
100%
comment les mutation affectent les protéines (OK) OK
100%
élimination d’un ou plusieurs nucléotide(s) délétion2
50%
addition d’un ou plusieurs nucléotide(s) insertion
50%
substitution d’un nucléotide par un autre ponctuelle
50%
une partie d’un chromosome est rattachée à un autre (mutation 3) translocation
50%
remplacement d’une purine par une pyrimidine (adénine ↔ cytosine, adénine ↔ thymine, guanine ↔ cytosine, guanine ↔ thymine) ou l’inverse (mutation ponctuelle) transversion
50%
Par exemple, les codons GAA et GAG codent tous les deux pour l’acide aminé Glutamate. Une mutation de A vers G à la troisième position ne changera donc pas la protéine. (a lire) a lire
0%
• Le nouvel acide aminé peut avoir des propriétés semblables (changement """""""""") conservateur
0%
Cela se produit car le code génétique est """""""", c'est-à-dire que plusieurs codons (triplets de nucléotides) codent pour le même acide aminé. dégénéré
0%
• Peut affecter l' """"""""""" de la transcription/traduction efficacité
0%
1) Mutation """"""-"""""": remplacement d’un acide aminé par un autre. faux-sens
0%
• La """""""" de la protéine est affectée fonction
0%
3) Mutation """""""": insertion ou délétion de
nucléotides (pas un multiple de 3) et changement
du cadre de lecture
frameshift
0%
ou pas (changement """"-""""""""") non-conservateur
0%
2) Mutation """-""""" : remplacement d’un acide aminé par un codon stop. non-sens
0%
(II) Les mutations """"-""""""""" (non-silencieuses) changent la séquence en ADN et la séquence en acides aminés non-synonyme
0%
• La protéine est plus courte avec parfois une """" " """"" perte de fonction
0%
les mutations synonymes :• Pas d’effet sur la """""""""" protéine
0%
Le code génétique a une """""""""" : un même acide aminé peut être codé par plusieurs combinaisons de nucléotides. redondance
0%
• Protéine avec """""""" """""" (parfois plus courte) séquence anormale
0%
• Peut affecter le """""""" de l’ARN splicing
0%
• Peut affecter la """"""""" de l’ARN stabilité
0%
(I) Les mutations """"""""""" (silencieuses) changent la séquence en ADN mais pas la séquence en acides aminés synonyme
0%
• La fin de la """""" """"""" est prématurée synthèse protéique
0%
remplacement d’une purine par une purine (adénine ↔ guanine) ou d’une pyrimidine par une pyrimidine (cytosine ↔ thymine). (mutation ponctuelle) transition
0%
Ces mutations ont souvent lieu au """"""""" nucléotide du codon, car c’est cette position qui est la plus variable sans changer l’acide aminé codé. troisième
0%
• Effet très """""""" d’une mutation à l’autre variable
0%
Aucun quiz correspondant
Distribution des résultats
% des personnes avec chaque résultat
Percentile par nombre de réponses
Votre historique - résultats
Vous n’avez pas pris ce quiz